书目信息 |
| 题名: |
天才与疯子
|
|
| 作者: | 赵鑫珊 著 | |
| 分册: | ||
| 出版信息: | 南京 江苏文艺出版社 2003.04 |
|
| 页数: | 450页, [2] 页图版 | |
| 开本: | 21cm | |
| 丛书名: | ||
| 单 册: | ||
| 中图分类: | B841 | |
| 科图分类: | ||
| 主题词: | 精神分析 | |
| 电子资源: | ||
| ISBN: | 7-5399-1851-9 | |
| 000 | 00914nam0 2200265 4500 | |
| 001 | 192004002401 | |
| 005 | 20070905144039.03 | |
| 010 | @a7-5399-1851-9@dCNY33.00 | |
| 100 | @a20070601d2003 ekmy0chiy0121 ea | |
| 101 | 0 | @achi |
| 102 | @aCN@b320000 | |
| 105 | @aaf z 000yy | |
| 200 | 1 | @a天才与疯子@Atian cai yu feng zi@d= Genius Creativity Madness@e天才的精神构造@f赵鑫珊著@zeng |
| 210 | @a南京@c江苏文艺出版社@d2003.04 | |
| 215 | @a450页, [2] 页图版@c图@d21cm | |
| 300 | @a其他题名:天才的精神构造 | |
| 300 | @a并列题名:Genius Creativity Madness | |
| 330 | @a本书从生理学的角度介绍了天才和疯子与常人不同的脑现象和精神构造,列举了大量的例子,提供了多幅图片 。 | |
| 510 | 1 | @aGenius Creativity Madness@zeng |
| 517 | 1 | @a天才的精神构造@Atian cai de jing shen gou zao |
| 606 | 0 | @a精神分析 |
| 690 | @aB841@v4 | |
| 701 | 0 | @a赵鑫珊@Azhao xin shan@4著 |
| 801 | 0 | @aCN@c20070905 |
| 905 | @dB841@eZ336 | |
| 天才与疯子= Genius Creativity Madness:天才的精神构造/赵鑫珊著.-南京:江苏文艺出版社,2003.04 |
| 450页, [2] 页图版:图;21cm |
| 其他题名:天才的精神构造.-并列题名:Genius Creativity Madness |
| ISBN 7-5399-1851-9:CNY33.00 |
| 本书从生理学的角度介绍了天才和疯子与常人不同的脑现象和精神构造,列举了大量的例子,提供了多幅图片 。 |
| ● |
| 相关链接 |
|
|
|
正题名:天才与疯子
索取号:B841/Z336
 
预约/预借
| 序号 | 登录号 | 条形码 | 馆藏地/架位号 | 状态 | 备注 |
| 1 | 625563 | 206255639 | 社科库509/ [索取号:B841/Z336] | 在馆 | |
| 2 | 625564 | 206255648 | 社科库509/509社科库 35排3列6层/ [索取号:B841/Z336] | 在馆 |